000 00621nam a22002417a 4500
003 UA-OsUOA
001 121528
007 ta
008 20170322b un ||||| |||| 00| 0 ukr d
100 _aМильтон Д.
090 _a821.161.1
_bМ60
942 _cBK
040 _aUA-OsUOA
_brus
_cUA-OsUOA
_dUA-OsUOA
245 _aПотерянный рай
300 _a414 с.
955 _a3
041 _arus
080 _a821.161.1
591 _aДімаров А.
260 _aМ.
_bХудож. лит.
_c1982
650 7 _a82 Література. Літературознавство
_2UDC
999 _c407581
_d407581